Guidelines for establishing a demonstration foudry in a developing country
Tallennettuna:
| Yhteisötekijä: | |
|---|---|
| Aineistotyyppi: | Kirja |
| Kieli: | Undetermined |
| Julkaistu: |
Vienna
United nations
1976
|
| Aiheet: | |
| Tagit: |
Lisää tagi
Ei tageja, Lisää ensimmäinen tagi!
|
| Thư viện lưu trữ: | Trung tâm Học liệu Trường Đại học Cần Thơ |
|---|
| LEADER | 00608nam a2200181Ia 4500 | ||
|---|---|---|---|
| 001 | CTU_86285 | ||
| 008 | 210402s9999 xx 000 0 und d | ||
| 082 | |a 671.2 | ||
| 082 | |b U58 | ||
| 110 | |a United nations industrial development organization Vienna | ||
| 245 | 0 | |a Guidelines for establishing a demonstration foudry in a developing country | |
| 245 | 0 | |c United nations industrial development organization Vienna | |
| 260 | |a Vienna | ||
| 260 | |b United nations | ||
| 260 | |c 1976 | ||
| 650 | |a Developing countries,Faundies | ||
| 904 | |i Năm | ||
| 980 | |a Trung tâm Học liệu Trường Đại học Cần Thơ | ||